| 000 | 00705cab a2200253 4500 | ||
|---|---|---|---|
| 001 | ABS52770 | ||
| 008 | 090401t1995 xxu||||| |||| 00| 0 eng d | ||
| 035 | _a(Sirsi) u28 | ||
| 041 | _aeng | ||
| 100 | _aHouston, K. | ||
| 245 | _aGround forces | ||
| 260 | _c1995 | ||
| 350 | _a0 | ||
| 490 |
_aC A Magazine _v99(1065) April 1995, 31-34(4) |
||
| 520 | _aOutlines the arguments behind the Office of Fair Trading cases against the Edinburgh and Aberdeen Solicitors Property Centres. | ||
| 650 | _aASPC | ||
| 650 | _aESPC | ||
| 650 | _aOFT | ||
| 650 | _aOFT | ||
| 650 | _aRESTRICTIVE PRACTICES | ||
| 690 | _aMANAGEMENT-BUSINESS MANAGEMENT-PROFESSIONAL PRACTICE | ||
| 942 | _n0 | ||
| 948 | _c04/03/1997 | ||
| 999 |
_c11 _d11 |
||